Fundamental Accounting Principles. Volume 1 (Record no. 1534)

MARC details
005 - DATE AND TIME OF LATEST TRANSACTION
control field 20250417091130.0
020 ## - INTERNATIONAL STANDARD BOOK NUMBER
International Standard Book Number 987-0-07-096828-8
082 ## - DEWEY DECIMAL CLASSIFICATION NUMBER
Classification number 657 LAR
100 ## - MAIN ENTRY--PERSONAL NAME
Author name LARSON, K. D.
245 ## - TITLE STATEMENT
Title Fundamental Accounting Principles. Volume 1
250 ## - EDITION STATEMENT
Edition statement 13th Ed. Canadian
260 ## - PUBLICATION, DISTRIBUTION, ETC.
Place of publication, distribution, etc. Canada,
Name of publisher, distributor, etc. Mcgraw- Hill Ryerson,
Date of publication, distribution, etc. 2010.
300 ## - PHYSICAL DESCRIPTION
Extent xxvii,618p.:Ill.;figures
Other physical details Index
Dimensions 27cm.
700 ## - ADDED ENTRY--PERSONAL NAME
Other authors/Editors JENSEN, T.
942 ## - ADDED ENTRY ELEMENTS (KOHA)
Source of classification or shelving scheme Dewey Decimal Classification
Koha item type Books
Holdings
Date last seen Total checkouts Full call number Barcode Cost, replacement price Price effective from Koha item type Lost status Source of classification or shelving scheme Damaged status Not for loan Withdrawn status Home library Current library Shelving location Date acquired Cost, normal purchase price
06/28/2025   657 LAR DOM000411 390000.00 06/28/2025 Books   Dewey Decimal Classification       CBE Dodoma CBE Dodoma General Collection 06/02/2009 130000.00
04/17/2025   657 LAR 0000005896 390000.00 04/17/2025 Books   Dewey Decimal Classification       College of Business Education Main Library College of Business Education Main Library General Collection 04/17/2025 130000.00